01167nam a2200265Ia 4500952009500000952010000095999001700195008004100212020001500253050002000268100003000288245014000318260004900458300003400507336001000541337001400551338001200565500011300577519008200690650002400772650003000796700003900826700002900865942000700894 00104070a11b11d2007-01-08l0oZ250 G64 1997p11 005770r2012-06-26t1w2012-06-26yLB 00102lcc4070a11b11d2015-04-14l0oZ250 G64 1997p11 011598r2015-04-14t2w2015-04-14yLB c71292d71292120626s9999 xx 000 0 und d a3721203208 aZ250 bG64 1997 aGütler, André eautor aSchrift und Kalligrafie im Experinentb : Experiments with letterform and calligraphy c / Andre Gurtler ; traducción de Anrew Bluhm aZürich, Schweitzb: Verlag Nigglic , 1997 a251 páginasb ilustraciones atexto asin medio avolumen aTítulo y texto en inglés y alemán. Variante del título: Experiments with letterform and caligraphy.  aPlan flexible / bDiseño gráfico / cCaligrafía (B09-3) / d(11 011598)1 aLETRAS x TÉCNICA2 aCALIGRAFÍA x TÉCNICA aGütler, André, d1936- eautor aBluhm, Andrewetraductor cLB